000 00898cam a2200277 a 4500
942 _cBK
999 _c733
_d733
001 1088480
003 OSt
005 20250420134823.0
008 920812r19932013njua b 001 0 eng
010 _a 92029495
020 _a9780133457117 (v. 1)
040 _aDLC
_cKCST
050 0 0 _aTK5102.5
_b.K379 1993
082 0 0 _a621.382
_220
_bKa Fu
100 1 _aKay, Steven M.,
_d1951-
_95473
245 1 0 _aFundamentals of statistical signal processing :
_bEstimation theory/
_cSteven M. Kay.
260 _aBoston, Mass. :
_bPearson;
_c1993.
300 _a1 v. :
_bill. ;
_c25 cm.
440 0 _aPrentice Hall signal processing series
_95474
504 _aIncludes bibliographical references and index.
505 0 _av. 1. Estimation theory -- v. 2. Detection theory
650 0 _aSignal detection
_xStatistical methods.
_95475
650 0 _aEstimation theory.
_95476
942 _2ddc